[Event "Titled Tuesday intern op 16th Jan Early"]
[Site "Chess.com INT"]
[Date "2024.01.16"]
[Round "2"]
[White "Tworuszka, Michal"]
[Black "Omelja, Artem"]
[Result "0-1"]
[WhiteElo "2260"]
[BlackElo "2438"]
[PlyCount "90"]
[EventDate "2024.01.16"]
[EventType "swiss (blitz)"]
[EventRounds "11"]
[EventCountry "USA"]
[SourceTitle "CB04_2024"]
[SourceDate "2023.10.16"]
[SourceVersion "1"]
[SourceVersionDate "2023.10.16"]
[SourceQuality "1"]

1. d4 d5 2. c4 c6 3. Nf3 e6 4. Bg5 Nf6 5. e3 h6 6. Bh4 Nbd7 7. Nbd2 Be7 8. Bd3 0-0 9. 0-0 b6 10. Rc1 Bb7 11. Qe2 c5 12. Rfd1 Rc8 13. cxd5 Nxd5 14. Bxe7 Qxe7 15. Ba6 Bxa6 16. Qxa6 Rc7 17. a3 Rfc8 18. h3 Qf8 19. Ne4 cxd4 20. Rxc7 Rxc7 21. Nxd4 Qc8 22. Qxc8+ Rxc8 23. Nd6 Rc5 24. Ne4 Rc8 25. Nd6 Rb8 26. Rc1 Kf8 27. e4 N5f6 28. f3 Ne8 29. Nxe8 Kxe8 30. Rc7 a6 31. Nc6 Ra8 32. Kf2 a5 33. h4 Nc5 34. Ke3 Na4 35. Ne5 Nxb2 36. Nxf7 Nc4+ 37. Kf4 Nxa3 38. Ke5 Nb5 39. Rb7 a4 40. Kxe6 a3 41. Ne5 a2 42. Rxg7 Nd4+ 43. Kf6 Ne6 44. Kxe6 Kf8 45. Rf7+ Kg8 0-1

[Event "Titled Tuesday intern op 08th Aug Early"]
[Site "Chess.com INT"]
[Date "2023.08.08"]
[Round "1"]
[White "Tworuszka, Michal"]
[Black "Demchenko, Anton"]
[Result "0-1"]
[WhiteElo "2260"]
[BlackElo "2619"]
[PlyCount "102"]
[EventDate "2023.08.08"]
[EventType "swiss (blitz)"]
[EventRounds "11"]
[EventCountry "USA"]
[SourceTitle "EXT 2024"]
[Source "ChessBase"]
[SourceDate "2023.10.10"]
[SourceVersion "1"]
[SourceVersionDate "2023.10.10"]
[SourceQuality "1"]

1. e4 e5 2. Nf3 Nc6 3. Bb5 a6 4. Ba4 Nf6 5. 0-0 Be7 6. Re1 b5 7. Bb3 d6 8. c3 0-0 9. h3 Nb8 10. d4 Nbd7 11. Nbd2 Bb7 12. Bc2 Re8 13. Nf1 Bf8 14. Ng3 a5 15. a3 a4 16. Bd3 c6 17. Nf5 Qb6 18. Bb1 c5 19. d5 c4 20. Bg5 h6 21. Bh4 g6 22. Ne3 Bg7 23. Nh2 Nc5 24. Qf3 Nh7 25. g4 Nb3 26. Ra2 Ng5 27. Qg2 Bf6 28. Kh1 Qd8 29. Bg3 Nh7 30. Nhf1 Bg5 31. Nc2 Bf4 32. Nb4 Kh8 33. Bc2 Qf6 34. Raa1 Nxa1 35. Rxa1 Rg8 36. Re1 h5 37. f3 hxg4 38. fxg4 Kg7 39. h4 Rh8 40. Kg1 Bxg3 41. Qxg3 Qe7 42. Nh2 Nf6 43. Nf3 Qd7 44. Nh2 Rh7 45. Rf1 Rah8 46. Qf3 Qe7 47. h5 gxh5 48. g5 Ng4 49. Qf5 Bc8 50. Qf6+ Nxf6 51. gxf6+ Qxf6 0-1

[Event "Titled Tuesday intern op 01st Aug Late"]
[Site "Chess.com INT"]
[Date "2023.08.01"]
[Round "4"]
[White "Tworuszka, Michal"]
[Black "Timerkhanov, Alexander"]
[Result "0-1"]
[WhiteElo "2260"]
[BlackElo "2354"]
[PlyCount "88"]
[EventDate "2023.08.01"]
[EventType "swiss (blitz)"]
[EventRounds "11"]
[EventCountry "USA"]
[SourceTitle "EXT 2024"]
[Source "ChessBase"]
[SourceDate "2023.10.10"]
[SourceVersion "1"]
[SourceVersionDate "2023.10.10"]
[SourceQuality "1"]

1. e4 c5 2. Nf3 d6 3. d4 cxd4 4. Nxd4 Nf6 5. Nc3 a6 6. Bd3 e5 7. Nde2 b5 8. a4 b4 9. Nd5 Nxd5 10. exd5 Be7 11. Bd2 a5 12. c3 bxc3 13. Nxc3 0-0 14. 0-0 f5 15. Nb5 Na6 16. f4 e4 17. Bc4 Nc5 18. Kh1 Bf6 19. Bc3 Ba6 20. Qe1 Bxb5 21. axb5 a4 22. Ra3 Bxc3 23. Qxc3 Re8 24. Qd4 Qf6 25. Qxf6 gxf6 26. Kg1 Rab8 27. Kf2 Rec8 28. Ke3 Nd7 29. Be2 Nb6 30. Rd1 Rc5 31. Rd4 Nxd5+ 32. Rxd5 Rxd5 33. Bc4 Rbxb5 34. Rxa4 Kg7 35. Bxd5 Rxd5 36. Ra7+ Kg6 37. b4 Rd3+ 38. Ke2 Rb3 39. Rd7 Rxb4 40. Rxd6 Rb2+ 41. Kf1 h5 42. h4 Rb3 43. Rd7 Rg3 44. Rd8 Rg4 0-1

[Event "Titled Tuesday intern op 09th May Late"]
[Site "Chess.com INT"]
[Date "2023.05.09"]
[Round "5"]
[White "Tworuszka, Michal"]
[Black "Al Hosani, Omran"]
[Result "0-1"]
[WhiteElo "2260"]
[BlackElo "2270"]
[PlyCount "66"]
[EventDate "2023.05.09"]
[EventType "swiss (blitz)"]
[EventRounds "11"]
[EventCountry "USA"]
[SourceTitle "CBM 214 Extra"]
[Source "ChessBase"]
[SourceDate "2023.07.31"]
[SourceVersion "1"]
[SourceVersionDate "2023.07.31"]
[SourceQuality "1"]

1. d4 d5 2. c4 dxc4 3. Nf3 e6 4. e3 Nf6 5. Bxc4 c5 6. 0-0 a6 7. b3 cxd4 8. Nxd4 Be7 9. Bb2 b5 10. Be2 Bb7 11. a4 bxa4 12. Rxa4 0-0 13. Nd2 Nbd7 14. Qa1 Nc5 15. Ra5 h6 16. Bf3 Qb6 17. Nc4 Qa7 18. Nb5 Nxb3 19. Qa2 Qb8 20. Be5 Qd8 21. Bxb7 Nxa5 22. Bc7 Qd3 23. Nxa5 Qxb5 24. Bxa8 Rxa8 25. Rb1 Qd5 26. Qa1 Rc8 27. Be5 Rc5 28. Nb3 Qxe5 29. Qxa6 Rd5 30. Nd4 Bd6 31. h3 Qh2+ 32. Kf1 Qh1+ 33. Ke2 Qxb1 0-1

[Event "Titled Tuesday intern op 25th Apr Late"]
[Site "Chess.com INT"]
[Date "2023.04.25"]
[Round "2"]
[White "Ghazarian, Kirk Vagho"]
[Black "Tworuszka, Michal"]
[Result "1-0"]
[WhiteElo "2475"]
[BlackElo "2260"]
[PlyCount "153"]
[EventDate "2023.04.25"]
[EventType "swiss (blitz)"]
[EventRounds "11"]
[EventCountry "USA"]
[SourceTitle "EXT 2024"]
[Source "ChessBase"]
[SourceDate "2023.10.10"]
[SourceVersion "1"]
[SourceVersionDate "2023.10.10"]
[SourceQuality "1"]

1. d4 Nf6 2. Bf4 d5 3. Nf3 e6 4. e3 Bd6 5. c3 0-0 6. Nbd2 c5 7. Ne5 Qc7 8. Bd3 Nbd7 9. Nxd7 Bxd7 10. Bxd6 Qxd6 11. f4 cxd4 12. cxd4 Qb6 13. Qb3 Rfc8 14. Ke2 Rc7 15. Rhc1 Rac8 16. Qxb6 axb6 17. Rxc7 Rxc7 18. h3 Kf8 19. g4 g6 20. Rg1 Ne8 21. h4 Nd6 22. h5 Bb5 23. Bxb5 Nxb5 24. Kd3 Nd6 25. h6 Ke7 26. a4 f6 27. Ra1 Nf7 28. Rh1 Rc8 29. Nf3 Rc4 30. b3 Rc8 31. g5 f5 32. Ra1 Ra8 33. Rc1 Kd7 34. Ra1 Ra7 35. b4 Ra8 36. a5 bxa5 37. bxa5 Ra6 38. Rb1 Kc7 39. Rb5 b6 40. axb6+ Rxb6 41. Ra5 Rb3+ 42. Ke2 Rb2+ 43. Kd1 Kb7 44. Ra3 Rf2 45. Nd2 Nd6 46. Ke1 Rh2 47. Rb3+ Kc7 48. Rc3+ Kb7 49. Nb3 Rh1+ 50. Ke2 Rh2+ 51. Kf1 Ne4 52. Nc5+ Nxc5 53. dxc5 Kc6 54. Rb3 Kxc5 55. Rb7 Kc4 56. Rxh7 Kd3 57. Kg1 Rh4 58. Kf2 Rh2+ 59. Kg3 Rh5 60. Re7 Kxe3 61. Rxe6+ Kd2 62. Rxg6 d4 63. Rf6 d3 64. Rxf5 Ke3 65. Re5+ Kd4 66. Re8 d2 67. Rd8+ Ke3 68. Kg4 Rh1 69. Kf5 d1Q 70. Rxd1 Rxd1 71. h7 Rh1 72. g6 Rf1 73. h8Q Rxf4+ 74. Kg5 Re4 75. Qh3+ Kd4 76. Qd7+ Ke3 77. g7 1-0

[Event "Titled Tuesday intern op 18th Apr Early"]
[Site "Chess.com INT"]
[Date "2023.04.18"]
[Round "1"]
[White "Tworuszka, Michal"]
[Black "Rustemov, Alexander"]
[Result "0-1"]
[WhiteElo "2260"]
[BlackElo "2525"]
[PlyCount "174"]
[EventDate "2023.04.18"]
[EventType "swiss (blitz)"]
[EventRounds "11"]
[EventCountry "USA"]
[SourceTitle "EXT 2024"]
[Source "ChessBase"]
[SourceDate "2023.10.10"]
[SourceVersion "1"]
[SourceVersionDate "2023.10.10"]
[SourceQuality "1"]

1. d4 g6 2. c4 Bg7 3. Nf3 d6 4. Nc3 e5 5. dxe5 dxe5 6. Qxd8+ Kxd8 7. Bg5+ f6 8. 0-0-0+ Nd7 9. Bh4 c6 10. Nxe5 Ke7 11. Nxd7 Bxd7 12. e4 Nh6 13. Be2 Be6 14. e5 g5 15. exf6+ Bxf6 16. Bg3 Nf5 17. Rhe1 Rad8 18. Bg4 Bxc3 19. bxc3 Rxd1+ 20. Kxd1 Kd7 21. Kc2 Ne3+ 22. Rxe3 Bxg4 23. Rd3+ Kc8 24. Re3 Bf5+ 25. Kc1 Kd7 26. Kb2 b6 27. c5 h5 28. cxb6 axb6 29. Rf3 Be4 30. Rf6 h4 31. Be5 Re8 32. Rd6+ Kc8 33. Bf6 Bxg2 34. Bxg5 h3 35. Be3 Kb7 36. Rh6 c5 37. a3 Re4 38. Rh7+ Ka6 39. Rh8 Kb5 40. Rh5 Rg4 41. Rg5 Re4 42. Rg3 Re8 43. Rg6 Rd8 44. a4+ Ka5 45. Rg7 Ka6 46. Rg6 Rd5 47. Kb3 Bf3 48. Rg5 Bd1+ 49. Kb2 Rd3 50. Kc1 Bxa4 51. Kb2 Bd7 52. Rg3 Rd1 53. Rg7 Kb5 54. Bf4 Rf1 55. Bg3 Bc6 56. Rc7 Be4 57. Rf7 Kc4 58. Rf4 Kd3 59. f3 Bd5 60. Rf6 b5 61. Rc6 Kc4 62. f4 Rg1 63. Rd6 Rxg3 64. hxg3 h2 65. Rh6 h1Q 66. Rxh1 Bxh1 67. g4 Be4 68. f5 Kd5 69. Kb3 Ke5 70. c4 b4 71. Ka4 Kf6 72. Kb3 Kg5 73. Ka4 Bc6+ 74. Kb3 Be8 75. Kb2 Bf7 76. f6 Kxg4 77. Kb3 Kf5 78. Ka4 Kxf6 79. Kb5 b3 80. Kxc5 b2 81. Kd4 b1Q 82. c5 Qd1+ 83. Kc3 Qd5 84. Kb4 Qc4+ 85. Ka5 Qxc5+ 86. Ka4 Qb6 87. Ka3 Qb3# 0-1

[Event "Titled Tuesday intern op 11th Apr Late"]
[Site "Chess.com INT"]
[Date "2023.04.11"]
[Round "2"]
[White "Vila Dupla, Aurelio"]
[Black "Tworuszka, Michal"]
[Result "0-1"]
[WhiteElo "2030"]
[BlackElo "2260"]
[PlyCount "78"]
[EventDate "2023.04.11"]
[EventType "swiss (blitz)"]
[EventRounds "11"]
[EventCountry "USA"]
[SourceTitle "CBM 213 Extra"]
[Source "ChessBase"]
[SourceDate "2023.05.31"]
[SourceVersion "1"]
[SourceVersionDate "2023.05.31"]
[SourceQuality "1"]

1. c4 e5 2. Nc3 Nf6 3. Nf3 Nc6 4. e4 Bb4 5. d3 d6 6. Bg5 h6 7. Bh4 Bg4 8. Rc1 g5 9. Bg3 Nd7 10. h3 Bxf3 11. Qxf3 Nd4 12. Qd1 Qf6 13. Be2 Kf8 14. a3 Bxc3+ 15. Rxc3 a5 16. Bg4 Nc5 17. 0-0 a4 18. Rc1 Kg7 19. Bh5 Ra6 20. Qg4 Nxd3 21. Rb1 Qe6 22. Qd1 Nc5 23. f4 gxf4 24. Bxf4 exf4 25. Qxd4+ Qe5 26. Rbd1 Qxd4+ 27. Rxd4 Ne6 28. Rd5 Rb6 29. Rf2 Re8 30. Rf5 Re7 31. g3 Ng5 32. Kg2 fxg3 33. R2f4 Rxb2+ 34. Kxg3 Nxe4+ 35. Kh4 Ng5 36. Bf3 Rb3 37. Bg2 Ree3 38. Rg4 Rxh3+ 39. Bxh3 Rxh3# 0-1

[Event "Titled Tuesday intern op 04th Apr Late"]
[Site "Chess.com INT"]
[Date "2023.04.04"]
[Round "4"]
[White "Reger, Valeriia"]
[Black "Tworuszka, Michal"]
[Result "0-1"]
[WhiteElo "1934"]
[BlackElo "2260"]
[PlyCount "84"]
[EventDate "2023.04.04"]
[EventType "swiss (blitz)"]
[EventRounds "11"]
[EventCountry "USA"]
[SourceTitle "EXT 2024"]
[Source "ChessBase"]
[SourceDate "2023.10.10"]
[SourceVersion "1"]
[SourceVersionDate "2023.10.10"]
[SourceQuality "1"]

1. d4 Nf6 2. c4 e6 3. Nf3 b6 4. g3 Ba6 5. Qc2 c5 6. Bg2 Bb7 7. 0-0 cxd4 8. Nxd4 Bxg2 9. Kxg2 Qc8 10. Bf4 a6 11. Nd2 Nc6 12. N4f3 Be7 13. Rac1 0-0 14. a3 Qb7 15. Kg1 Rac8 16. Qd3 d5 17. b4 Rfd8 18. Qb3 a5 19. b5 Nb8 20. Ne5 Nfd7 21. cxd5 Nc5 22. Qf3 Qxd5 23. Ndc4 Qxf3 24. Nxf3 Nbd7 25. Nfe5 Nxe5 26. Nxe5 Bf6 27. Nc6 Rd5 28. Rcd1 Ne4 29. f3 Nc3 30. Rxd5 exd5 31. a4 Nxe2+ 32. Kf2 Nxf4 33. gxf4 d4 34. Rd1 Kf8 35. Ke2 Re8+ 36. Kd3 Re3+ 37. Kc4 Rxf3 38. Nxd4 Rxf4 39. Kd5 Rxd4+ 40. Rxd4 Bxd4 41. Kxd4 Ke7 42. Kd5 Kd7 0-1

[Event "Titled Tuesday intern op 28th Mar Late"]
[Site "Chess.com INT"]
[Date "2023.03.28"]
[Round "1"]
[White "Tworuszka, Michal"]
[Black "Grigoriants, Sergey"]
[Result "0-1"]
[WhiteElo "2260"]
[BlackElo "2572"]
[PlyCount "70"]
[EventDate "2023.03.28"]
[EventType "swiss (blitz)"]
[EventRounds "11"]
[EventCountry "USA"]
[SourceTitle "EXT 2024"]
[Source "ChessBase"]
[SourceDate "2023.10.10"]
[SourceVersion "1"]
[SourceVersionDate "2023.10.10"]
[SourceQuality "1"]

1. e4 c5 2. Nf3 Nc6 3. d4 cxd4 4. Nxd4 e6 5. Nc3 a6 6. Be3 Nf6 7. Nxc6 bxc6 8. e5 Nd5 9. Nxd5 cxd5 10. Bd3 d6 11. exd6 Bxd6 12. Qh5 Qf6 13. 0-0 g6 14. Qh6 Bf8 15. Qf4 Qxf4 16. Bxf4 Bg7 17. Rab1 Bb7 18. Bd6 Kd7 19. Ba3 Rhc8 20. Rfc1 e5 21. c4 d4 22. f3 f5 23. b4 e4 24. fxe4 fxe4 25. Be2 h5 26. Bb2 Ke6 27. Re1 Be5 28. c5 Bd5 29. Rbd1 a5 30. Bxd4 axb4 31. Bxe5 Kxe5 32. Bf3 Rxa2 33. Rc1 b3 34. c6 b2 35. Rb1 Rxc6 0-1

[Event "Titled Tuesday intern op 21st Mar Late"]
[Site "Chess.com INT"]
[Date "2023.03.21"]
[Round "7"]
[White "Makhnev, Denis"]
[Black "Tworuszka, Michal"]
[Result "1-0"]
[WhiteElo "2483"]
[BlackElo "2260"]
[PlyCount "61"]
[EventDate "2023.03.21"]
[EventType "swiss (blitz)"]
[EventRounds "11"]
[EventCountry "USA"]
[SourceTitle "EXT 2024"]
[Source "ChessBase"]
[SourceDate "2023.10.10"]
[SourceVersion "1"]
[SourceVersionDate "2023.10.10"]
[SourceQuality "1"]

1. d4 Nf6 2. Nc3 d5 3. Bf4 c5 4. e3 cxd4 5. exd4 a6 6. Nf3 Nc6 7. Ne5 Bf5 8. Nxc6 bxc6 9. Bd3 Bg6 10. 0-0 e6 11. Na4 Bd6 12. Qf3 0-0 13. Rac1 Ne4 14. Rfe1 Qf6 15. Be3 Qxf3 16. gxf3 Nf6 17. Bf1 Nd7 18. c4 e5 19. cxd5 cxd5 20. Rc6 Bb4 21. Rd1 a5 22. a3 Nb8 23. Rcc1 exd4 24. Bxd4 Bd6 25. Nb6 Ra7 26. Nc8 Rd7 27. Nxd6 Rxd6 28. Bc5 Rdd8 29. Bxf8 Kxf8 30. Rc5 d4 31. Bd3 1-0

[Event "Titled Tuesday intern op 21st Mar Late"]
[Site "Chess.com INT"]
[Date "2023.03.21"]
[Round "4"]
[White "Tworuszka, Michal"]
[Black "Wang, Alexander J"]
[Result "1/2-1/2"]
[WhiteElo "2260"]
[BlackElo "1815"]
[PlyCount "99"]
[EventDate "2023.03.21"]
[EventType "swiss (blitz)"]
[EventRounds "11"]
[EventCountry "USA"]
[SourceTitle "EXT 2024"]
[Source "ChessBase"]
[SourceDate "2023.10.10"]
[SourceVersion "1"]
[SourceVersionDate "2023.10.10"]
[SourceQuality "1"]

1. e4 c5 2. Nf3 d6 3. d4 cxd4 4. Nxd4 Nf6 5. Nc3 g6 6. Be3 Bg7 7. f3 0-0 8. Qd2 Nc6 9. 0-0-0 d5 10. Nxc6 bxc6 11. Bh6 Be6 12. Bxg7 Kxg7 13. e5 Nd7 14. f4 Rb8 15. Bd3 Qb6 16. b3 Nc5 17. h4 Nxd3+ 18. Qxd3 Bf5 19. Qd4 h5 20. Qxb6 axb6 21. a4 e6 22. Kb2 b5 23. axb5 cxb5 24. Rd4 Rfc8 25. Rc1 Rc5 26. Na2 Rbc8 27. Nb4 Be4 28. c3 Bxg2 29. Nd3 R5c7 30. Rb4 Be4 31. Nf2 Rc5 32. Nxe4 dxe4 33. Rxe4 Rd5 34. Rd4 Rcd8 35. Rxd5 Rxd5 36. c4 bxc4 37. bxc4 Rc5 38. Kc3 Kf8 39. Kb4 Rc8 40. c5 Ke8 41. c6 Kd8 42. Kc5 Kc7 43. Rb1 Rf8 44. Rb7+ Kc8 45. Kd6 Rd8+ 46. Rd7 Rxd7+ 47. cxd7+ Kd8 48. Kc6 g5 49. fxg5 f6 50. gxf6 1/2-1/2

[Event "Titled Tuesday intern op 28th Feb Late"]
[Site "Chess.com INT"]
[Date "2023.02.28"]
[Round "1"]
[White "Tworuszka, Michal"]
[Black "Bernadskiy, Vitaliy"]
[Result "1/2-1/2"]
[WhiteElo "2260"]
[BlackElo "2612"]
[PlyCount "131"]
[EventDate "2023.02.28"]
[EventType "swiss (blitz)"]
[EventRounds "11"]
[EventCountry "USA"]
[SourceTitle "CBM 213 Extra"]
[Source "ChessBase"]
[SourceDate "2023.05.31"]
[SourceVersion "1"]
[SourceVersionDate "2023.05.31"]
[SourceQuality "1"]

1. e4 c6 2. d4 g6 3. c4 Bg7 4. Nc3 d6 5. Nge2 a5 6. f3 Na6 7. Bg5 h6 8. Bh4 Nc7 9. Qd2 b5 10. Nc1 b4 11. Nd1 Ne6 12. Bf2 Nf6 13. Be2 0-0 14. 0-0 Nd7 15. Be3 Kh7 16. Nf2 c5 17. d5 Nd4 18. Bd1 Nb6 19. b3 a4 20. Rb1 axb3 21. axb3 e6 22. Ne2 e5 23. f4 f5 24. fxe5 dxe5 25. Qc1 f4 26. Bd2 Nxe2+ 27. Bxe2 Bd7 28. Nd3 Qe7 29. Be1 g5 30. Bf2 Rac8 31. Nxb4 g4 32. Nc6 Bxc6 33. dxc6 f3 34. gxf3 gxf3 35. Bd1 Rxc6 36. Kh1 Qe8 37. Rg1 Rg6 38. Bc2 Nd7 39. Qe3 Rff6 40. Rxg6 Qxg6 41. Rg1 Qh5 42. Bd1 Qh3 43. Rg3 Qf1+ 44. Rg1 Qh3 45. Rg3 Qe6 46. Rxf3 Qd6 47. Be2 Qa6 48. Rxf6 Nxf6 49. Qf3 Qa1+ 50. Kg2 Qb1 51. Qf5+ Kh8 52. Bf3 Qxb3 53. Qc8+ Kh7 54. Qf5+ Kh8 55. Qc8+ Ng8 56. Bg4 Qxc4 57. Be6 Qxe4+ 58. Kg1 Qg6+ 59. Kf1 Bf6 60. Bxc5 Qd3+ 61. Kg1 Qg6+ 62. Kf1 Qb1+ 63. Kg2 Qc2+ 64. Kf1 Qd3+ 65. Kg2 Qg6+ 66. Kf1 1/2-1/2

[Event "Titled Tuesday intern op 28th Feb Late"]
[Site "Chess.com INT"]
[Date "2023.02.28"]
[Round "2"]
[White "Tworuszka, Michal"]
[Black "Li, Ruifeng"]
[Result "0-1"]
[WhiteElo "2260"]
[BlackElo "2541"]
[PlyCount "54"]
[EventDate "2023.02.28"]
[EventType "swiss (blitz)"]
[EventRounds "11"]
[EventCountry "USA"]
[SourceTitle "CBM 213 Extra"]
[Source "ChessBase"]
[SourceDate "2023.05.31"]
[SourceVersion "1"]
[SourceVersionDate "2023.05.31"]
[SourceQuality "1"]

1. e4 d6 2. d4 Nf6 3. Nc3 Nc6 4. Nge2 e5 5. d5 Ne7 6. h3 c6 7. g4 cxd5 8. exd5 Ng6 9. Ng3 h6 10. Bb5+ Nd7 11. Nf5 a6 12. Bd3 Nc5 13. Be3 Nxd3+ 14. Qxd3 Nh4 15. Nxh4 Qxh4 16. 0-0-0 Be7 17. Kb1 Bd7 18. f4 exf4 19. Bxf4 0-0 20. Ne4 f5 21. Nxd6 fxg4 22. hxg4 Qxg4 23. Bxh6 Rf3 24. Be3 Bxd6 25. Qh7+ Kf7 26. Rdg1 Bg3 27. Rf1 Bf5 0-1

[Event "Titled Tuesday intern op 21st Feb Early"]
[Site "Chess.com INT"]
[Date "2023.02.21"]
[Round "2"]
[White "Tworuszka, Michal"]
[Black "Zaichenko, Daria"]
[Result "0-1"]
[WhiteElo "2260"]
[BlackElo "2104"]
[PlyCount "82"]
[EventDate "2023.02.21"]
[EventType "swiss (blitz)"]
[EventRounds "11"]
[EventCountry "USA"]
[SourceTitle "CBM 212 Extra"]
[Source "ChessBase"]
[SourceDate "2023.03.31"]
[SourceVersion "1"]
[SourceVersionDate "2023.03.31"]
[SourceQuality "1"]

1. d4 d5 2. c4 e6 3. Nf3 Be7 4. Nc3 Nf6 5. Bg5 0-0 6. e3 Nbd7 7. Qc2 c5 8. cxd5 Nxd5 9. Bxe7 Qxe7 10. Nxd5 exd5 11. Bd3 g6 12. dxc5 Nxc5 13. 0-0 Nxd3 14. Qxd3 Be6 15. Rac1 Rad8 16. Nd4 a6 17. Rfd1 Rc8 18. Qd2 b6 19. a3 Rfd8 20. Nc6 Rxc6 21. Rxc6 Qb7 22. Rdc1 a5 23. Rc7 Qa6 24. Qd4 Rd6 25. h3 b5 26. Qa7 b4 27. Qb8+ Kg7 28. axb4 axb4 29. Qxb4 Rb6 30. Qd4+ Kh6 31. g4 Rb3 32. h4 Qe2 33. Qf4+ Kg7 34. g5 Qxb2 35. R1c2 Qa1+ 36. Kg2 Rb1 37. Kf3 Bf5 38. R2c6 Be4+ 39. Kg3 Rg1+ 40. Kh2 Rh1+ 41. Kg3 Qg1# 0-1

[Event "Titled Tuesday intern op 14th Feb Late"]
[Site "Chess.com INT"]
[Date "2023.02.14"]
[Round "2"]
[White "Makarian, Rudik"]
[Black "Tworuszka, Michal"]
[Result "1-0"]
[WhiteElo "2562"]
[BlackElo "2260"]
[PlyCount "119"]
[EventDate "2023.02.14"]
[EventType "swiss (blitz)"]
[EventRounds "11"]
[EventCountry "USA"]
[SourceTitle "CBM 212 Extra"]
[Source "ChessBase"]
[SourceDate "2023.03.31"]
[SourceVersion "1"]
[SourceVersionDate "2023.03.31"]
[SourceQuality "1"]

1. d4 Nf6 2. c4 e6 3. Nf3 d5 4. g3 Be7 5. Bg2 0-0 6. 0-0 dxc4 7. Qc2 a6 8. Qxc4 b5 9. Qc2 Bb7 10. Bd2 Be4 11. Qc1 Nc6 12. Nc3 Bxf3 13. Bxf3 Nxd4 14. Bxa8 Qxa8 15. Be3 c5 16. Bxd4 cxd4 17. Nb1 Qe4 18. Qd1 Rd8 19. Qd3 Qg4 20. Nd2 e5 21. f3 Qh3 22. Ne4 Nd5 23. Nf2 Qh5 24. Rfc1 Bg5 25. Qf5 g6 26. Qxe5 Bxc1 27. Qxh5 gxh5 28. Rxc1 Re8 29. Kf1 f5 30. Rc5 Ne3+ 31. Ke1 Kf7 32. Nd1 d3 33. exd3 Ng4+ 34. Kd2 Nxh2 35. Kc3 Kg6 36. f4 Nf1 37. Rc6+ Kg7 38. Rc7+ Kg6 39. Rc6+ Kg7 40. Nf2 Nxg3 41. Nh3 h4 42. Rxa6 Re1 43. Ra7+ Kg6 44. Ng5 Rh1 45. Nxh7 Ne2+ 46. Kb4 Nxf4 47. Nf8+ Kg5 48. Rg7+ Kh6 49. Rh7+ Kg5 50. Kxb5 Nxd3 51. b4 h3 52. a4 h2 53. a5 Rb1 54. Rxh2 Rxb4+ 55. Kc6 Ra4 56. Kb6 Rb4+ 57. Ka7 Ra4 58. Ne6+ Kf6 59. Rh6+ Ke5 60. a6 1-0

[Event "Titled Tuesday intern op 14th Feb Late"]
[Site "Chess.com INT"]
[Date "2023.02.14"]
[Round "8"]
[White "O'Gorman, Tom"]
[Black "Tworuszka, Michal"]
[Result "1-0"]
[WhiteElo "2357"]
[BlackElo "2260"]
[PlyCount "41"]
[EventDate "2023.02.14"]
[EventType "swiss (blitz)"]
[EventRounds "11"]
[EventCountry "USA"]
[SourceTitle "CBM 212 Extra"]
[Source "ChessBase"]
[SourceDate "2023.03.31"]
[SourceVersion "1"]
[SourceVersionDate "2023.03.31"]
[SourceQuality "1"]

1. e4 e5 2. Nf3 Nc6 3. Bb5 Nf6 4. 0-0 Nxe4 5. Re1 Nd6 6. Nxe5 Be7 7. Bf1 Nxe5 8. Rxe5 0-0 9. Nc3 Ne8 10. Nd5 Bd6 11. Re1 c6 12. Ne3 Bc7 13. Nf5 d5 14. Ne7+ Kh8 15. Nxc8 Rxc8 16. d4 Qf6 17. Qg4 Nd6 18. Bd3 Rce8 19. Bg5 Qe6 20. Rxe6 fxe6 21. Bf4 1-0

[Event "Titled Tuesday intern op 14th Feb Late"]
[Site "Chess.com INT"]
[Date "2023.02.14"]
[Round "3"]
[White "Tworuszka, Michal"]
[Black "Gomez Aguirre, Juan Alberto"]
[Result "0-1"]
[WhiteElo "2260"]
[BlackElo "2205"]
[PlyCount "50"]
[EventDate "2023.02.14"]
[EventType "swiss (blitz)"]
[EventRounds "11"]
[EventCountry "USA"]
[SourceTitle "CBM 212 Extra"]
[Source "ChessBase"]
[SourceDate "2023.03.31"]
[SourceVersion "1"]
[SourceVersionDate "2023.03.31"]
[SourceQuality "1"]

1. e4 e5 2. Nf3 Nc6 3. d4 exd4 4. Nxd4 Nf6 5. Nxc6 bxc6 6. Bd3 d5 7. exd5 cxd5 8. 0-0 Be7 9. Bg5 0-0 10. Nd2 c5 11. Re1 h6 12. Bh4 Be6 13. Nf3 Rb8 14. b3 c4 15. bxc4 dxc4 16. Bf1 Bb4 17. Re3 Qxd1 18. Rxd1 Nd5 19. Re4 Nc3 20. Rxe6 fxe6 21. Rd7 Rf7 22. Rxf7 Kxf7 23. Bxc4 Be7 24. Ne5+ Ke8 25. g3 g5 0-1

[Event "Titled Tuesday intern op 14th Feb Late"]
[Site "Chess.com INT"]
[Date "2023.02.14"]
[Round "5"]
[White "Tworuszka, Michal"]
[Black "Lopez Perdomo, Juan David"]
[Result "0-1"]
[WhiteElo "2260"]
[BlackElo "1999"]
[PlyCount "68"]
[EventDate "2023.02.14"]
[EventType "swiss (blitz)"]
[EventRounds "11"]
[EventCountry "USA"]
[SourceTitle "CBM 212 Extra"]
[Source "ChessBase"]
[SourceDate "2023.03.31"]
[SourceVersion "1"]
[SourceVersionDate "2023.03.31"]
[SourceQuality "1"]

1. e4 e6 2. d4 d5 3. Nd2 Nf6 4. e5 Nfd7 5. Bd3 c5 6. c3 Nc6 7. Ne2 f6 8. exf6 Nxf6 9. 0-0 Bd6 10. Nf3 0-0 11. Bg5 e5 12. dxe5 Nxe5 13. Nxe5 Bxe5 14. Ng3 h6 15. Bxf6 Qxf6 16. Qh5 d4 17. Rae1 g5 18. Rxe5 Qxe5 19. Qg6+ Qg7 20. Bc4+ Kh8 21. Qd6 Bg4 22. h3 Rad8 23. Qxc5 Rc8 24. Qb4 a5 25. Qb5 Bd7 26. Qd5 Be8 27. Bd3 Bf7 28. Qxb7 Bxa2 29. Qb6 dxc3 30. Nh5 Rb8 31. Qxa5 Qf7 32. Qe5+ Kg8 33. bxc3 Qxh5 34. c4 Qf7 0-1

[Event "Titled Tuesday intern op 14th Feb Late"]
[Site "Chess.com INT"]
[Date "2023.02.14"]
[Round "1"]
[White "Yoo, Christopher Woojin"]
[Black "Tworuszka, Michal"]
[Result "1/2-1/2"]
[WhiteElo "2589"]
[BlackElo "2260"]
[PlyCount "93"]
[EventDate "2023.02.14"]
[EventType "swiss (blitz)"]
[EventRounds "11"]
[EventCountry "USA"]
[SourceTitle "CBM 212 Extra"]
[Source "ChessBase"]
[SourceDate "2023.03.31"]
[SourceVersion "1"]
[SourceVersionDate "2023.03.31"]
[SourceQuality "1"]

1. f4 d5 2. Nf3 g6 3. g3 Bg7 4. Bg2 Nf6 5. 0-0 0-0 6. d3 b5 7. Qe1 Bb7 8. Nbd2 Nbd7 9. Nb3 c5 10. Na5 Ba6 11. a3 Qb6 12. Kh1 Rfe8 13. Ne5 Nxe5 14. fxe5 Ng4 15. Bxd5 e6 16. Bxa8 Rxa8 17. e4 Bxe5 18. h3 Nf6 19. Be3 Nh5 20. Bf2 Bxb2 21. Ra2 Bg7 22. Nb3 Rc8 23. Qe3 c4 24. Nc5 Rd8 25. Nxa6 Qxa6 26. g4 Nf6 27. Bh4 e5 28. Qf3 Rd6 29. g5 cxd3 30. cxd3 b4 31. gxf6 Rxd3 32. Qg4 Bf8 33. Rc2 h5 34. Qg2 b3 35. Rcf2 Qxa3 36. Rb1 b2 37. Rfxb2 Rxh3+ 38. Kg1 Rxh4 39. Qf2 Rg4+ 40. Kf1 Rf4 41. Qxf4 exf4 42. Rb8 Qf3+ 43. Kg1 Qg3+ 44. Kf1 Qf3+ 45. Kg1 Qg3+ 46. Kh1 Qf3+ 47. Kg1 1/2-1/2